Statistics for Countries In Which 1% Or More Of The Worlds Population Live

Click here to take the quiz!

General Stats

  • This quiz has been taken 96 times
  • The average score is 17 of 19

Answer Stats

%Answer% Correct
18.4China
99%
2.76Brazil
98%
17.5India
98%
1.95Russia
98%
4.33USA
98%
1.69Japan
97%
3.51Indonesia
95%
2.63Pakistan
95%
1.24Egypt
92%
1.64Mexico
92%
1.10Germany
91%
2.55Nigeria
89%
1.07Iran
87%
1.06Turkey
87%
2.16Bangladesh
83%
1.39Ethiopia
82%
1.23Vietnam
79%
1.09Democratic Republic of The Congo
76%
1.39Philippines
72%

Score Distribution

Percentile by Number Answered

Percent of People with Each Score

Your Score History

You have not taken this quiz